000 00690cam a22001817a 4500
020 _a9251053367
040 _cFQG
082 0 0 _a363 FAO 2005 A042 Or.
245 0 0 _aVoluntary guidelines to support the progressive realization of the right to adequate food in the context of national food security, adopted by the 127th Session of the FAO Council, November 2004.
246 3 0 _aRight to food
260 _aRome :
_bFood and Agriculture Organization of the United Nations,
_c2005.
300 _avi, 37 p. ;
_c25 cm.
650 0 _aNutrition policy.
650 0 _aRight to food.
650 0 _aHunger.
710 2 _aFood and Agriculture Organization of the United Nations.
942 _cAEDBB
999 _c20864
_d20864